000 00540nam a22001817a 4500
999 _c174539
_d174539
005 20200622142939.0
010 _aENG-128219
020 _c525.00
_a9789380318363
035 _aEN-111751
037 _bDBAD/PUB
082 _a305.80095452
100 _aZinta,R.L
245 _aWell Being/
_cby R.L.Zinta, Sundar Kala Naegi
260 _aDelhi
_bNeha publishers
_c2017
270 _a4832/24,Prahlad Lane,S-207 Ansari Road Daryaganj
_b Delhi
_e1110002
300 _avii;174p.
_c23cm(hb)
942 _2ddc
_cEN
_h305.80095452